CRIMINAL LAW JOURNAL [JANUARY] 2019 [ PART-1] [VOL-125] (Record no. 7364)

MARC details
000 -LEADER
fixed length control field 00392nam a22001457a 4500
005 - DATE AND TIME OF LATEST TRANSACTION
control field 20210904122829.0
008 - FIXED-LENGTH DATA ELEMENTS--GENERAL INFORMATION
fixed length control field 200620b xxu||||| |||| 00| 0 eng d
082 ## - DEWEY DECIMAL CLASSIFICATION NUMBER
Classification number 349.405 CLJ
110 ## - MAIN ENTRY--CORPORATE NAME
Corporate name or jurisdiction name as entry element CRIMINAL LAW JOURNAL
245 ## - TITLE STATEMENT
Title CRIMINAL LAW JOURNAL [JANUARY] 2019 [ PART-1] [VOL-125]
260 ## - PUBLICATION, DISTRIBUTION, ETC. (IMPRINT)
Place of publication MUMBAI
Name of publisher ALL INDIA REPORTER
300 ## - PHYSICAL DESCRIPTION
Number of Pages 432;p
650 ## - SUBJECT ADDED ENTRY--TOPICAL TERM
Topical Term LAW
942 ## - ADDED ENTRY ELEMENTS (KOHA)
Koha item type Journals/Serial
Holdings
Lost status Damaged status Collection code Home library Current library Shelving location Date acquired Source of acquisition Cost, normal purchase price Full call number Accession Number Koha item type
    LAW JRU Library JRU Library SHELF-40-C 17/03/2020 PURCHESS 525.00 349.405 CLJ 24955 Journals/Serial